000 00807nam a2200229Ii 4500
003 JO-AjNU
008 230605s9999||||xx |||||||||||||| ||und||
017 _a2009/4/1424
020 _a9957-16-516-1
040 _aJO-AjNU
_bara
_erda
_cJO-AjNU
041 _aara
050 1 4 _aHF5686.P3.A2242 2010
100 3 _aالقاضي، حسين / م.مشارك: سمير الريشاني,
_eauthor
_928750
245 0 0 _aمحاسبة البترول
250 _aط1
264 3 1 _aعمان:دار الثقافة للنشر والتوزيع ، 2010
300 _a368ص
_bيحتوي على ببلوغرافية من ص361-368ص
336 _atext
_btxt
_2rdacontent
337 _aunmediated
_bn
_2rdamedia
338 _avolume
_bnc
_2rdacarrier
650 4 _aالمحاسبة المالية -البترول
_928751
999 _aA11189
_c14757
_d14757